| 000 | 01012cam a22002891 4500 | ||
|---|---|---|---|
| 001 | sa 64001699 | ||
| 003 | DLC | ||
| 005 | 20260227112004.0 | ||
| 008 | 790531m19639999ii 000 0 eng | ||
| 010 | _asa 64001699 | ||
| 025 | _aPL480: I-San-195 | ||
| 035 | _a(OCoLC)5019104 | ||
| 040 |
_aDLC _cNIC _dDLC |
||
| 042 | _apremarc | ||
| 050 | 0 | 0 |
_aZ6605.S3 _bC3 |
| 110 | 2 | _aSanskrit College (Kolkata, India) | |
| 245 | 1 | 2 |
_aA descriptive catalogue of Sanskrit manuscripts in the collections of the Sanskrit College, _cby Birajmohan Tarka-Vedantatirtha and Jagadish Chandra Tarkatirtha. |
| 260 |
_aCalcutta, _c1963- |
||
| 300 |
_av. _c26 cm. |
||
| 490 | 1 |
_aIts Studies _vno. 9 |
|
| 490 | 0 |
_aCalcutta Sanskrit College Research series, _vno. 20 |
|
| 650 | 0 |
_aManuscripts, Sanskrit _vCatalogs. |
|
| 700 | 1 |
_aBirajmohan, _eed. |
|
| 700 | 1 |
_aChandra, Jagadish, _eed. |
|
| 830 | 0 |
_aCalcutta Sanskrit College research series. _pStudies ; _vno. 9. |
|
| 830 | 0 |
_aCalcutta Sanskrit College research series ; _vno. 20. |
|
| 999 |
_c56868 _d56868 |
||